000 00881caa a22002417a 4500
999 _c420734
_d420734
001 132202
003 UA-OsUOA
005 20200129104807.0
007 ta
008 20180712b un ||||| |||| 00| 0 ukr d
040 _aUA-OsUOA
_bukr
_cUA-OsUOA
_dUA-OsUOA
041 _aukr
080 _a908
090 _a908
_bО-78
100 _aКарпінський В.
245 _aОстрозька друкарня та її видання
_cВ. Карпінський
300 _aС. 10–39
650 7 _a908 Краєзнавство
_2UDC
773 0 _0396306
_9415319
_aКарпінський В. С.
_dЛуцьк Надстир'я 1998
_o147523
_tЗародження і розвиток друкарства на Волині
_w(UA-OsUOA) 110239
_z966-517-091-0
942 _cBKA
_2udc
955 _a1